[Event "Noale Szabados Memorial-B 3rd"]
[Site "Noale"]
[Date "2010.02.07"]
[Round "4"]
[White "Dobboletta, Alex"]
[Black "Borgato, Alessandro"]
[Result "1-0"]
[WhiteElo "1907"]
[BlackElo "1592"]
[PlyCount "37"]
[EventDate "2010.02.05"]
[EventType "swiss"]
[EventRounds "5"]
[EventCountry "ITA"]
[SourceTitle "EXT 2022"]
[Source "ChessBase"]
[SourceDate "2021.10.06"]
[SourceVersion "1"]
[SourceVersionDate "2021.10.06"]
[SourceQuality "1"]

1. e4 d6 2. h3 Nf6 3. Nc3 c6 4. d4 e5 5. dxe5 dxe5 6. Qxd8+ Kxd8 7. Bg5 Be7 8. 0-0-0+ Kc7 9. Nf3 Nbd7 10. a3 b6 11. Bc4 Rf8 12. Rd2 Bb7 13. Rhd1 Rad8 14. Bh4 Ng8 15. Bxe7 Nxe7 16. Ng5 Nf6 17. Rxd8 Rxd8 18. Rxd8 Kxd8 19. Nxf7+ 1-0

[Event "Padova op-B 7th"]
[Site "Padova"]
[Date "2004.12.11"]
[Round "1"]
[White "Porta, Federico"]
[Black "Borgato, Alessandro"]
[Result "1-0"]
[WhiteElo "1799"]
[BlackElo "1625"]
[PlyCount "41"]
[EventDate "2004.12.11"]
[EventType "swiss"]
[EventRounds "6"]
[EventCountry "ITA"]
[SourceTitle "EXT 2023"]
[Source "ChessBase"]
[SourceDate "2022.10.05"]
[SourceVersion "1"]
[SourceVersionDate "2022.10.05"]
[SourceQuality "1"]

1. d4 d5 2. Bf4 Nc6 3. e3 Nf6 4. Nf3 e6 5. Nbd2 Be7 6. c3 Ne4 7. Bd3 f5 8. h3 Bh4 9. Nxh4 Qxh4 10. 0-0 g5 11. Bxc7 Rg8 12. f3 Nf6 13. Qe1 Qh5 14. Be2 Qh6 15. Qf2 Rg7 16. Bd6 Bd7 17. b4 Kf7 18. e4 g4 19. fxg4 Qxd2 20. gxf5 exf5 21. Bh5+ 1-0

[Event "Padova Fornace op 4th"]
[Site "Padova"]
[Date "2001.12.16"]
[Round "2.24"]
[White "Borgato, Alessandro"]
[Black "Franz, Paolo"]
[Result "1-0"]
[WhiteElo "1561"]
[BlackElo "1500"]
[PlyCount "69"]
[EventDate "2001.12.15"]
[EventType "swiss"]
[EventRounds "6"]
[EventCountry "ITA"]
[SourceTitle "EXT 2024"]
[Source "ChessBase"]
[SourceDate "2023.10.10"]
[SourceVersion "1"]
[SourceVersionDate "2023.10.10"]
[SourceQuality "1"]

1. e4 c5 2. Nf3 d6 3. Bc4 Nf6 4. d3 Nc6 5. 0-0 Bg4 6. Bb5 a6 7. Bxc6+ bxc6 8. c4 g6 9. b3 Bg7 10. Bb2 0-0 11. Nbd2 Qc7 12. h3 Bxf3 13. Nxf3 Nh5 14. Bxg7 Nxg7 15. Nh2 f5 16. exf5 Rxf5 17. Ng4 e5 18. Nh6+ Kh8 19. Nxf5 Nxf5 20. Qd2 Qe7 21. Rae1 Re8 22. f4 Qh4 23. fxe5 Rxe5 24. Rxe5 Qd4+ 25. Qf2 dxe5 26. Qxd4 cxd4 27. g4 Ne3 28. Rf6 Nc2 29. Re6 Nb4 30. Rxe5 Nxd3 31. Re6 Nb4 32. a3 Nc2 33. Rxc6 Nxa3 34. Rd6 Nc2 35. c5 1-0

[Event "Padova op-B 3rd"]
[Site "Padova"]
[Date "2000.12.03"]
[Round "2.17"]
[White "Carini, Massimo"]
[Black "Borgato, Alessandro"]
[Result "1-0"]
[WhiteElo "1881"]
[BlackElo "1600"]
[PlyCount "67"]
[EventDate "2000.12.02"]
[EventType "swiss"]
[EventRounds "6"]
[EventCountry "ITA"]
[SourceTitle "EXT 2024"]
[Source "ChessBase"]
[SourceDate "2023.10.10"]
[SourceVersion "1"]
[SourceVersionDate "2023.10.10"]
[SourceQuality "1"]

1. e4 e5 2. Nf3 Nc6 3. Bc4 Bc5 4. Qe2 Nf6 5. Ng5 0-0 6. Nxf7 Rxf7 7. Bxf7+ Kxf7 8. Qc4+ d5 9. Qxc5 Nxe4 10. Qe3 Nd4 11. Na3 Qe7 12. 0-0 Bd7 13. d3 Nf6 14. c3 Ng4 15. Qg5 Ne2+ 16. Kh1 Nxc1 17. Qxe7+ Kxe7 18. Raxc1 Rf8 19. Kg1 Kd6 20. h3 Nh6 21. c4 Rf6 22. cxd5 Rg6 23. Kh2 Nf5 24. Nc4+ Kxd5 25. Ne3+ Nxe3 26. fxe3 Bc6 27. e4+ Kd6 28. b4 Bb5 29. Rc5 Bd7 30. Rd5+ Ke6 31. Rf5 c6 32. Rdxe5+ Kd6 33. Rg5 Rf6 34. Ra5 1-0

[Event "Padova op-B 2nd"]
[Site "Padova"]
[Date "1999.12.19"]
[Round "6.30"]
[White "Bonetto, Giorgio"]
[Black "Borgato, Alessandro"]
[Result "1-0"]
[WhiteElo "1567"]
[BlackElo "1494"]
[PlyCount "116"]
[EventDate "1999.12.11"]
[EventType "swiss"]
[EventRounds "6"]
[EventCountry "ITA"]
[SourceTitle "EXT 2024"]
[Source "ChessBase"]
[SourceDate "2023.10.10"]
[SourceVersion "1"]
[SourceVersionDate "2023.10.10"]
[SourceQuality "1"]

1. e4 e5 2. f4 Bc5 3. Nf3 d6 4. Bc4 Bg4 5. h3 Bxf3 6. Qxf3 exf4 7. Qxf4 Qf6 8. Rf1 Qxf4 9. Rxf4 Nf6 10. Nc3 0-0 11. d3 Nc6 12. Nd5 Nxd5 13. Bxd5 Nd4 14. Kd1 c6 15. Bb3 Nxb3 16. axb3 a5 17. Bd2 b6 18. c4 Bd4 19. Kc2 Rfe8 20. Bc3 Bxc3 21. bxc3 c5 22. d4 f6 23. Kd3 Kf7 24. g4 h6 25. Raf1 Kg8 26. h4 a4 27. bxa4 Rxa4 28. Rb1 Rb8 29. Rf5 Ra2 30. g5 hxg5 31. hxg5 fxg5 32. Rxg5 Rh2 33. Rbg1 Rh3+ 34. Kc2 Rh2+ 35. Kb3 Rb7 36. Ka4 Rb2 37. Ka3 Rc2 38. e5 dxe5 39. Rxe5 Ra7+ 40. Kb3 Rca2 41. dxc5 bxc5 42. Rxc5 R7a3+ 43. Kb4 Ra4+ 44. Kb5 Ra5+ 45. Kc6 Ra6+ 46. Kb7 Ra7+ 47. Kb8 Ra8+ 48. Kb7 R8a7+ 49. Kb6 R7a6+ 50. Kc7 Ra7+ 51. Kd6 R7a6+ 52. Rc6 Rd2+ 53. Kc5 Ra5+ 54. Kb6 Rda2 55. Rc7 Ra6+ 56. Kc5 R6a5+ 57. Kd4 Rd2+ 58. Ke3 Raa2 1-0

[Event "Padova op-A 1st"]
[Site "Padova"]
[Date "1998.12.20"]
[Round "5.20"]
[White "Borgato, Alessandro"]
[Black "Saponara, Nicola"]
[Result "0-1"]
[WhiteElo "1500"]
[BlackElo "1576"]
[PlyCount "70"]
[EventDate "1998.12.12"]
[EventType "swiss"]
[EventRounds "6"]
[EventCountry "ITA"]
[SourceTitle "EXT 2023"]
[Source "ChessBase"]
[SourceDate "2022.10.05"]
[SourceVersion "1"]
[SourceVersionDate "2022.10.05"]
[SourceQuality "1"]

1. e4 c5 2. f4 e5 3. Nf3 exf4 4. Bc4 Nc6 5. 0-0 d6 6. d3 g5 7. Bxf7+ Kxf7 8. Nxg5+ Qxg5 9. Bxf4 Qg4 10. Qxg4 Bxg4 11. Be5+ Kg6 12. Bxh8 Bg7 13. Bxg7 Kxg7 14. Rf4 h5 15. Nc3 Nd4 16. Raf1 b5 17. Rf7+ Kg6 18. Rb7 Nxc2 19. Nxb5 Be2 20. Rff7 Bxd3 21. Nxd6 Nd4 22. Rg7+ Kf6 23. Rbf7+ Ke5 24. Nf5 Bxe4 25. Nxd4 cxd4 26. Rg5+ Ke6 27. Rgg7 Nf6 28. Rxa7 Rd8 29. Ra6+ Kf5 30. Ra5+ Bd5 31. Rg3 Ke4 32. Rf3 Ng4 33. Ra4 Rc8 34. Rxd4+ Kxd4 35. a3 Bxf3 0-1

[Event "Padova op-A 1st"]
[Site "Padova"]
[Date "1998.12.12"]
[Round "1.21"]
[White "Borgato, Alessandro"]
[Black "Pastore, Mauro"]
[Result "0-1"]
[WhiteElo "1500"]
[BlackElo "1648"]
[PlyCount "56"]
[EventDate "1998.12.12"]
[EventType "swiss"]
[EventRounds "6"]
[EventCountry "ITA"]
[SourceTitle "EXT 2023"]
[Source "ChessBase"]
[SourceDate "2022.10.05"]
[SourceVersion "1"]
[SourceVersionDate "2022.10.05"]
[SourceQuality "1"]

1. e4 c5 2. f4 Nc6 3. Nf3 d6 4. Be2 e6 5. 0-0 Be7 6. d4 cxd4 7. Nxd4 Nf6 8. Nxc6 bxc6 9. Nc3 0-0 10. Kh1 d5 11. Bd3 Rb8 12. e5 Nd7 13. Rf3 f5 14. Rh3 Rf7 15. g4 Nc5 16. g5 Nxd3 17. cxd3 g6 18. d4 c5 19. Ne2 Ba6 20. Nc3 Qc7 21. b3 cxd4 22. Qxd4 Rb4 23. Qf2 Bb7 24. Na4 d4+ 25. Kg1 Qc6 26. Kf1 d3 27. Ba3 Qh1+ 28. Qg1 Rxf4+ 0-1